نساء أهل الجنة : (رقم التسجيلة. 813)

تفاصيل مارك
000 -الفاتح
عناصر البيانات ثابتة الطول 00598cam a2200169 i 4500
005 - تاريخ ووقت آخر معاملة
حقل ضبط 20251203111121.0
008 - عناصر البيانات ثابتة الطول
عناصر البيانات ثابتة الطول 250721s1987 ua gr 000 0 ara d
082 14 - رقم تصنيف ديوي العشري
رقم التصنيف 214.2
رقم المادة م ح م
100 1# - مدخل رئيسي – اسم شخصي
الاسم الشخصي أبو العباس، محمد علي
علاقة الشخص بالعمل/ دوره مؤلف.
245 31 - بيان العنوان
العنوان نساء أهل الجنة :
بقية العنوان أصنافهن - حسنهن - أوصافهن - جمالهن /
بيان المسؤولية محمد علي ابو العباس.
264 1# - بيانات النشر، التوزيع…إلخ
مكان النشر، التوزيع...إلخ القاهرة :
اسم الناشر، الموزع...إلخ مكتبة القران،
تاريخ النشر، التوزيع...إلخ 1987.
300 ## - الوصف المادي
عدد الوحدات المكونة للوعاء 80صفحه.
650 17 - مدخل إضافي بالموضوع - مصطلح موضوعي
مصطلح موضوعي أو اسم جغرافي كعنصر مدخل اليوم الآخر.
650 17 - مدخل إضافي بالموضوع - مصطلح موضوعي
مصطلح موضوعي أو اسم جغرافي كعنصر مدخل الجنة.
942 ## - بيانات إضافية (كوها)
نوع التنصيف Dewey Decimal Classification
نوع المادة (كوها) كتب
المقتنيات
حالة السحب حالة الفقدان مصدر التصنيف حالة التلف غير قابل للإعارة المكتبة الرئيسية المكتبة الحالية موقع الرف تاريخ التزويد الرقم المتسلسل Total Checkouts رقم الإستدعاء الباركود تاريخ آخر ظهور تاريخ الفاتورة نوع المادة (كوها)
    Dewey Decimal Classification     المكتبة المركزية المكتبة المركزية الإعارة 06/07/2004 321265   214.2 / م ح م 321265 28/07/2025 06/07/2004 كتب
Implemented & Customized by: BBB with SCIT (Smart Chains for Information Technology)

Powered by Koha